00535nam a2200193 a 4500001001300000003000900013005001700022008004100039020001000080082001300090100002000103245007900123260002500202300000900227500003500236505002400271650002600295700002000321nice12345678IN_TiNIC20260116012315.0050524s1980 dela grp 000 0 eng  ac10000a233bLON aLong, Herbert C aUnfolding the Ideal Lifeb a Biblical Account of Man`s Spiritual Progress. aDelhi bISPCK c1980 a422p aincludes index and biblioraphy2 aReference and Notes aHumanity-Christianity1 aLong, Herbert C